000 00661nam a2200205 4500
001 148935
003 ES-MaACL
005 20260201160229.0
007 t|
008 070214s1963 sp r ||||1| spa d
100 1 _aSuenens, Léon Joseph.
_9108729
245 1 3 _aUn problema crucial
_b: amor y dominio de sí mismo /
_cLéon Joseph Suenens ; versión de Luis de Aguirre.
260 _aBilbao :
_bDescleé de Brouwer,
_c1963.
300 _a254 p. ;
_c18 cm.
490 1 _aDe educación y familia
700 0 _aAguirre, Luis de
_918836
830 0 _aDe educación y familia
_9221056
852 _aES-MaACL
_jC-23213
_bR.51950
999 _c148935
_d148935